| 000 | 00439nam a22001691a 4500 | ||
|---|---|---|---|
| 001 | 10830 | ||
| 003 | OSt | ||
| 005 | 20260204212214.0 | ||
| 008 | 100318s2007||||kn ||||||b||||||||||spa|| | ||
| 020 | _a897375024503910 | ||
| 050 | _a951.9 D262c | ||
| 245 | _aDatos Sobre Corea | ||
| 264 | _aCorea del Norte : Servicio Exterior de Información de Corea | ||
| 300 | _a277 p | ||
| 650 | _aCorea - Historia 2.Datos - CoreaĆ | ||
| 942 |
_2ddc _cBK |
||
| 999 |
_c10830 _d10830 |
||